An economic geography of the Scandinavian States and Finland / (Record no. 28816)
[ view plain ]
| 000 -LEADER | |
|---|---|
| fixed length control field | 01051nam a22002895i 4500 |
| 001 - CONTROL NUMBER | |
| control field | 014418516 |
| 003 - CONTROL NUMBER IDENTIFIER | |
| control field | EG-ScBUE |
| 005 - DATE AND TIME OF LATEST TRANSACTION | |
| control field | 20200924110301.0 |
| 008 - FIXED-LENGTH DATA ELEMENTS--GENERAL INFORMATION | |
| fixed length control field | 070028r19681958enkb f b 001 0 eng d |
| 020 ## - INTERNATIONAL STANDARD BOOK NUMBER | |
| International Standard Book Number | 340087064 |
| 040 ## - CATALOGING SOURCE | |
| Original cataloging agency | Uk |
| Language of cataloging | eng |
| Description conventions | rda |
| Transcribing agency | Uk |
| Modifying agency | EG-ScBUE |
| 082 04 - DEWEY DECIMAL CLASSIFICATION NUMBER | |
| Classification number | 330.948 |
| Item number | MEA |
| Edition number | 22 |
| 100 1# - MAIN ENTRY--PERSONAL NAME | |
| Personal name | Mead, W. R. |
| Fuller form of name | (William Richard) |
| Relator term | author. |
| 9 (RLIN) | 31491 |
| 245 13 - TITLE STATEMENT | |
| Title | An economic geography of the Scandinavian States and Finland / |
| Statement of responsibility, etc | W. R. Mead, M. SC. (ECON.) PH.D., Professor of Geography at University College, London. |
| 250 ## - EDITION STATEMENT | |
| Edition statement | Fourth impression. |
| 264 #1 - PUBLICATION, DISTRIBUTION, ETC. (IMPRINT) | |
| Place of publication, distribution, etc | London : |
| Name of publisher, distributor, etc | University of London Press, |
| Date of publication, distribution, etc | 1968. |
| 300 ## - PHYSICAL DESCRIPTION | |
| Extent | xiii, 302 pages : |
| Other physical details | maps ; |
| Dimensions | 28 cm |
| 336 ## - CONTENT TYPE | |
| Content type term | text |
| Content type code | txt |
| Source | rdacontent |
| 337 ## - MEDIA TYPE | |
| Media type term | unmediated |
| Media type code | n |
| Source | rdamedia |
| 338 ## - CARRIER TYPE | |
| Carrier type term | volume |
| Carrier type code | nc |
| Source | rdacarrier |
| 504 ## - BIBLIOGRAPHY, ETC. NOTE | |
| Bibliography, etc | Includes bibliographical references and index. |
| 650 #7 - SUBJECT ADDED ENTRY--TOPICAL TERM | |
| Topical term or geographic name as entry element | Economic history. |
| Source of heading or term | BUEsh |
| 651 #7 - SUBJECT ADDED ENTRY--GEOGRAPHIC NAME | |
| Geographic name | Scandinavia |
| General subdivision | Economic conditions. |
| Source of heading or term | BUEsh |
| 651 #7 - SUBJECT ADDED ENTRY--GEOGRAPHIC NAME | |
| Geographic name | Finland |
| General subdivision | Economic conditions. |
| Source of heading or term | BUEsh |
| 653 ## - INDEX TERM--UNCONTROLLED | |
| Resource For college | BAEPS, Economics |
| Arrived date list | September2020 |
| 942 ## - ADDED ENTRY ELEMENTS (KOHA) | |
| Source of classification or shelving scheme | Dewey Decimal Classification |
| Koha item type | Book - Borrowing |
| Withdrawn status | Lost status | Source of classification or shelving scheme | Damaged status | Not for loan | Collection code | Home library | Current library | Shelving location | Date acquired | Source of acquisition | Total Checkouts | Full call number | Barcode | Date last seen | Price effective from | Koha item type |
|---|---|---|---|---|---|---|---|---|---|---|---|---|---|---|---|---|
| Dewey Decimal Classification | unknown | Central Library | Central Library | First floor | 24/09/2020 | Purchase | 330.948 MEA | 000049765 | 15/07/2025 | 24/09/2020 | Book - Borrowing |